000 00250nam a2200109Ia 4500
008 190216s9999||||xx |||||||||||||| ||und||
100 _aGuest A G
245 0 _aAnson`S Law Of Contract
260 _bAgra Book Stall
_c1968
300 _a655p
942 _cBK
999 _c3955
_d3955